Statistics for Countries recognized by North Korea

Click here to take the quiz!

General Stats

  • This quiz has been taken 37 times
  • The average score is 96 of 159

Answers on the Map

Answers color-coded by a green-red scale on the quiz's map according to % correct below.
 

Answer Stats

Country% Correct
China
94%
Russia
91%
Kazakhstan
82%
Mongolia
79%
United Kingdom
79%
Mexico
76%
Germany
74%
Norway
74%
Poland
74%
Sweden
74%
Australia
71%
Belarus
71%
Belgium
71%
Finland
71%
Indonesia
71%
Ireland
71%
Italy
71%
New Zealand
71%
Spain
71%
Vietnam
71%
Afghanistan
68%
Algeria
68%
Austria
68%
Brazil
68%
Denmark
68%
Hungary
68%
Iceland
68%
India
68%
Laos
68%
Netherlands
68%
Portugal
68%
Switzerland
68%
Thailand
68%
Venezuela
68%
Dominican Republic
65%
Greece
65%
Guatemala
65%
Iran
65%
Libya
65%
Mali
65%
Morocco
65%
Myanmar
65%
Niger
65%
Nigeria
65%
Peru
65%
Serbia
65%
Slovenia
65%
South Africa
65%
Tajikistan
65%
Turkey
65%
Turkmenistan
65%
Uzbekistan
65%
Bulgaria
62%
Cambodia
62%
Chile
62%
Colombia
62%
Costa Rica
62%
Czech Republic
62%
Dem. Rep. of the Congo
62%
Dominica
62%
Egypt
62%
Kyrgyzstan
62%
Latvia
62%
Luxembourg
62%
Oman
62%
Pakistan
62%
Republic of the Congo
62%
Slovakia
62%
Togo
62%
United Arab Emirates
62%
Armenia
59%
Azerbaijan
59%
Bangladesh
59%
Belize
59%
Bosnia and Herzegovina
59%
Burkina Faso
59%
Chad
59%
Croatia
59%
Eswatini
59%
Ethiopia
59%
Georgia
59%
Ghana
59%
Lithuania
59%
Nepal
59%
Nicaragua
59%
North Korea
59%
Papua New Guinea
59%
Romania
59%
South Sudan
59%
Sudan
59%
Suriname
59%
Syria
59%
Tunisia
59%
Yemen
59%
Angola
56%
Bahrain
56%
Burundi
56%
Central African Republic
56%
Cuba
56%
Djibouti
56%
Equatorial Guinea
56%
Guinea
56%
Ivory Coast
56%
Kenya
56%
Kuwait
56%
Liberia
56%
Maldives
56%
Mauritania
56%
Moldova
56%
Montenegro
56%
Nauru
56%
Qatar
56%
San Marino
56%
Senegal
56%
Somalia
56%
Tanzania
56%
Uganda
56%
Zimbabwe
56%
Albania
53%
Antigua and Barbuda
53%
Benin
53%
Cameroon
53%
Cyprus
53%
Eritrea
53%
Gabon
53%
Gambia
53%
Grenada
53%
Guinea Bissau
53%
Guyana
53%
Madagascar
53%
Malawi
53%
Mauritius
53%
Mozambique
53%
Namibia
53%
North Macedonia
53%
Rwanda
53%
São Tomé and Príncipe
53%
Seychelles
53%
Sierra Leone
53%
Sri Lanka
53%
St. Kitts and Nevis
53%
St. Lucia
53%
St. Vincent and Grenadines
53%
Trinidad and Tobago
53%
Zambia
53%
Barbados
50%
Cape Verde
50%
East Timor
50%
Fiji
50%
Jamaica
50%
Lebanon
50%
Liechtenstein
50%
Malta
50%
Philippines
50%
Brunei
47%
Comoros
47%
Bahamas
44%
Singapore
44%
Palestine
32%

Score Distribution

Percentile by Number Answered

Percent of People with Each Score

Your Score History

You have not taken this quiz